| 000 | 00541nam a22001577a 4500 | ||
|---|---|---|---|
| 005 | 20120510154847.0 | ||
| 020 | _c350.00 | ||
| 035 | _aB-29883 | ||
| 037 |
_aDPL _bENG |
||
| 245 |
_aTaxation's income-tax rules, 1962 / _cedited by O.C. Tandon |
||
| 260 |
_aNew Delhi _bB.B. Bhargava _c2000 |
||
| 300 |
_avarious pages _c20 cms. |
||
| 700 |
_aTandon, O.C. _946860 |
||
| 942 |
_2ddc _cEN _h336.24 _mTAX |
||
| 999 |
_c66452 _d66452 |
||